000 01152nam a2200265Ia 4500
003 OSt
005 20220930094811.0
006 a|||||r|||| 00| 0
007 ta
008 220926b |||||||| |||| 00| 0 hin d
024 _a19605
037 _cTheses
040 _aCRL
_cCRL
_bhin
041 _2hin
_ahin
100 _aआशुतोष कुमार
110 _aदिल्ली विश्वविद्यालय. कला संकाय. संस्कृत विभाग
_9556315
245 0 _aद्वैत वेदान्त सम्मत प्रमाण-मीमासंा
246 _aDvait vedānta sammat pramāṇa-mīmāsanā
260 _c2013
650 _aसंस्कृत साहित्य
700 _a डॉ. आशुतोष दयाल माथुर, गा.
_9556316
700 _aदिल्ली विश्वविद्यालय. कला संकाय. संस्कृत विभाग
_9556317
942 _cDIS
_2CC
999 _c887700
_d887700